000 00519nam a22001697a 4500
003 OSt
005 20140310182531.0
008 130813t xxu||||| |||| 00| 0 eng d
020 _a9781405182317
050 _aRC 636
_b.M576 2010
110 _aWiley-Blackwell, A John Wiley & Sons, Ltd, Publication.
_99681
245 _aMolecular hematology /
_cDrew Provan, John G. Gribben.
260 _aUSA :
_bBlackwell Publishing Ltd.,
_c2010.
300 _a410 p. ;
_bill. some col. ;
_c28 cm.
942 _2lcc
999 _c14132
_d14132